Estimating the locations and the sizes of the effects of quantitative trait loci using flankig markers (Record no. 58814)

MARC details
000 -LEADER
fixed length control field 00482nam a2200157Ia 4500
100 ## - MAIN ENTRY--AUTHOR NAME
Personal name Martinez O
245 #0 - TITLE STATEMENT
Title Estimating the locations and the sizes of the effects of quantitative trait loci using flankig markers
260 ## - PUBLICATION, DISTRIBUTION, ETC. (IMPRINT)
Name of publisher Theoretical and Applied Genetics
Year of publication 1992
300 ## - PHYSICAL DESCRIPTION
Number of Pages 480-488
650 ## - SUBJECT ADDED ENTRY--TOPICAL TERM
Topical Term Interval mapping
650 ## - SUBJECT ADDED ENTRY--TOPICAL TERM
Topical Term Quantitative trait loci
650 ## - SUBJECT ADDED ENTRY--TOPICAL TERM
Topical Term RFLPs mapping
700 ## - ADDED ENTRY--PERSONAL NAME
Personal name Curnow R N
942 ## - ADDED ENTRY ELEMENTS (KOHA)
Koha item type Journals
Holdings
Withdrawn status Lost status Damaged status Not for loan Home library Current library Shelving location Date acquired Serial Enumeration / chronology Koha item type
      Journals RRII Library RRII Library Biotechnology 17/12/2021 Volume 85, Issue 4 Journals